| 000 | 00740cam4a220024100 4500 | ||
|---|---|---|---|
| 001 | tmp15345121 | ||
| 003 | UPRA | ||
| 005 | 20190816085609.0 | ||
| 008 | 950801s1922 fr fre u | ||
| 035 | _a(Sirsi) r123829 | ||
| 035 | _a(UPRA)tmp15345121 | ||
| 040 | _cUPRA | ||
| 100 | 1 |
_aBarres, Maurice, 1862-1923. _dBarres, Maurice, 1862-1923. _6A91955.1 |
|
| 245 | 1 | 3 | _aLe culte du moi. |
| 260 |
_a[Paris] : _bPlon, _c1922. |
||
| 440 | 0 |
_aLivre de poche _6S322.1 |
|
| 505 | 0 | _aSous l'oeil des Barbares -- Un homme libre -- Le jardin de Berenice. | |
| 740 | 0 | _aSous l'oeil des Barbares. | |
| 740 | 3 | _aUn homme libre. | |
| 740 | 3 | _aLe jardin de Berenice. | |
| 949 |
_aPQ2603.A52 _wlcc _i-178020 _mMAIN _tBOOK _lON-SHELF |
||
| 004 | 123829 | ||
| 999 |
_c80607 _d80607 |
||